[Event "XVe Open International de l'Indre"]
[Site "Chateauroux - FRA"]
[Date "2014.10.29"]
[Round "7.21"]
[White "Cassonnet, Arnaud"]
[Black "Bohdanowicz, Nikola"]
[Result "1-0"]
[WhiteElo "1730"]
[BlackElo "1146"]
[Board "21"]
[Input " "]
[Owner "FFE"]

1.e4 c5 2.f4 Nc6 3.Nf3 d6 4.Bc4 g6 5.O-O Bg7 6.Nc3 Nf6 7.d3 O-O 8.Ne2
Bd7 9.a3 Qb6 10.Kh1 Na5 11.Ba2 Rac8 12.Rb1 Nc6 13.h3 a6 14.Be3 Qc7 
15.Ng3 b5 16.Qd2 a5 17.f5 b4 18.fxg6 hxg6 19.Bh6 d5 20.Bxg7 Kxg7 21.
Qf2 d4 22.Rbe1 Rh8 23.Ng5 Ne5 24.Qf4 Neg4 25.e5 Nh6 26.exf6+ Kg8 27.
fxe7 Qxf4 28.Rxf4 Rh7 29.Nxh7 Kxh7 30.Bxf7 Be8 31.Bxe8 Rxe8 32.Rf8 
Rxf8 33.exf8=Q g5 34.Re6 Ng8 35.Nf5 bxa3 36.Qg7# 1-0

[Event "XVe Open International de l'Indre"]
[Site "Chateauroux - FRA"]
[Date "2014.10.29"]
[Round "7.22"]
[White "Augonnet, Herve"]
[Black "Krianga, Georgii"]
[Result "1/2-1/2"]
[WhiteElo "1682"]
[BlackElo "1277"]
[Board "22"]
[Input " "]
[Owner "FFE"]

1.e4 e5 2.Nf3 Nc6 3.Bb5 Nge7 4.c3 d6 5.h3 Bd7 6.d4 exd4 7.cxd4 Na5 8.
Bd3 Ng6 9.Nc3 Be7 10.O-O O-O 11.Nd5 b5 12.Nxe7+ Qxe7 13.Re1 a6 14.Qc2
c6 15.Bd2 Nb7 16.e5 Be8 17.Bg5 Qc7 18.Bxg6 fxg6 19.exd6 Nxd6 20.Re7 
Qb6 21.Rae1 Nf5 22.R7e4 Bf7 23.Qc5 Qxc5 24.dxc5 Bxa2 25.Be7 Rfe8 26.
Bg5 Rxe4 27.Rxe4 Bd5 28.Re1 a5 29.Nh4 Kf7 30.Nxf5 gxf5 31.Re7+ Kg6 
32.Bf4 Kf6 33.Bd6 a4 34.Rb7 a3 35.bxa3 Rxa3 36.f4 Ra1+ 37.Kh2 Ra2 38.
Be5+ Ke6 39.Rxg7 b4 40.Kg3 Rxg2+ 41.Kh4 Rxg7 42.Bxg7 Kf7 43.Be5 Kg6 
44.Kg3 b3 45.h4 h5 46.Kf2 1/2-1/2

[Event "XVe Open International de l'Indre"]
[Site "Chateauroux - FRA"]
[Date "2014.10.29"]
[Round "7.23"]
[White "Azen, Bernard"]
[Black "Clement, Christian"]
[Result "1-0"]
[WhiteElo "1540"]
[BlackElo "1403"]
[Board "23"]
[Input " "]
[Owner "FFE"]

1.d4 d5 2.c4 e6 3.Nf3 h6 4.Nc3 a6 5.a4 Nf6 6.Bf4 Bb4 7.Qc2 Ne4 8.Rc1 
Nxc3 9.bxc3 Bd6 10.Be5 f6 11.Qg6+ Kf8 12.Bxd6+ Qxd6 13.c5 Qe7 14.e3 
Bd7 15.Qc2 b6 16.cxb6 cxb6 17.Bd3 Qa3 18.O-O Qxa4 19.Qb2 Qc6 20.c4 
dxc4 21.Rxc4 Qb7 22.Qb4+ Kf7 23.Rfc1 Nc6 24.Qd6 Rhc8 25.Be4 Qc7 26.
Qa3 Qb7 27.d5 Na5 28.dxe6+ 1-0

[Event "XVe Open International de l'Indre"]
[Site "Chateauroux - FRA"]
[Date "2014.10.29"]
[Round "7.24"]
[White "Bleau, Benoit"]
[Black "Zarebska, Lena"]
[Result "0-1"]
[WhiteElo "1278"]
[BlackElo "1201"]
[Board "24"]
[Input " "]
[Owner "FFE"]

1.e4 c5 2.Nf3 d6 3.Nc3 Nc6 4.Bc4 e6 5.O-O Nf6 6.d4 cxd4 7.Nxd4 Be7 8.
Be3 O-O 9.h3 Nxd4 10.Bxd4 Qc7 11.Be2 b6 12.Bf3 Bb7 13.Be3 Rfd8 14.Nb5
Qc4 15.Na3 Qb4 16.Qd4 Qxd4 17.Bxd4 Nxe4 18.Rfe1 d5 19.Rad1 Rac8 20.c3
Bxa3 21.Bxe4 dxe4 22.bxa3 Rd7 23.Rc1 f5 24.g3 Bd5 25.Rc2 Rc4 26.Re3 
Ra4 27.Kg2 Rxa3 28.c4 Rxe3 29.Bxe3 Bc6 30.a3 Ba4 31.Rb2 Rd3 32.c5 
Rxa3 33.cxb6 axb6 34.Rxb6 Bb3 35.Bc5 Ra5 36.Be3 Bd5 37.Bd2 e3+ 38.Kf1
exd2 39.Rb1 Bf3 0-1